Paroles - Bravo, Barbara Pravi - Statistiques

Statistiques générales
  • Ce quiz a été pris 15 fois
  • Le résultat moyen est 205 sur 320
Statistiques - réponses
Paroles % Correct
bravo
100%
Bravo
100%
moi
91%
à
82%
et
82%
je
82%
Je
82%
qui
82%
Qui
82%
tu
82%
ça
73%
ce
73%
de
73%
De
73%
des
73%
dis
73%
fait
73%
73%
la
73%
le
73%
Le
73%
les
73%
ma
73%
Mais
73%
mais
73%
mes
73%
ne
73%
Ne
73%
On
73%
oui
73%
Oui
73%
pas
73%
Pour
73%
pour
73%
que
73%
Si
73%
veux
73%
vois
73%
en
64%
est
64%
Est
64%
faire
64%
Il
64%
jamais
64%
mon
64%
Ni
64%
ni
64%
nous
64%
sur
64%
Alors
55%
brûle
55%
Car
55%
Comme
55%
continuer
55%
dans
55%
danse
55%
d'être
55%
devenir
55%
dira
55%
dit
55%
ils
55%
j'me
55%
marcher
55%
miroir
55%
n'est
55%
nos
55%
Nos
55%
Oh
55%
parle
55%
partie
55%
peux
55%
pieds
55%
regarde
55%
respirer
55%
se
55%
Sinon
55%
suis
55%
toi
55%
assez
45%
attend
45%
autres
45%
c'est
45%
changent
45%
choix
45%
coeurs
45%
d'apôtres
45%
fière
45%
peur
45%
peut
45%
Qu'ils
45%
qu'on
45%
Sont
45%
Suis-je
45%
visage
45%
voie
45%
Ai-je
36%
celui
36%
cons
36%
coups
36%
croire
36%
dire
36%
discours
36%
disent
36%
droit
36%
lois
36%
l'on
36%
Malgré
36%
N'aie
36%
Parce
36%
poitrine
36%
reflets
36%
Sous
36%
toujours
36%
traits
36%
blanc
27%
d'autre
27%
debout
27%
imparfait
27%
jambes
27%
n'existe
27%
noir
27%
personne
27%
plus
27%
quand
27%
rétrécissent
27%
sait
27%
seulement
27%
tiennent
27%
voir
27%
beau
18%
choisit
18%
Est-ce
18%
miroirs
18%
seuls
18%
Aucun quiz correspondant
Distribution des résultats
% des personnes avec chaque résultat
Percentile par nombre de réponses
Votre historique - résultats
Vous n’avez pas pris ce quiz